Principios orientadores de Toledo sobre la enseñanza acerca de religiones y creencias en las escuelas públicas

Gorde:
Xehetasun bibliografikoak
Erakunde egilea: Consejo Asesor de Expertos sobre Libertad de Religión o Creencia de ODIHR (Egilea)
Formatua: Liburua
Hizkuntza:gaztelania
Argitaratua: Varsovia ODIHR 2008
Edizioa:1a. ed
Gaiak:
Etiketak: Etiketa erantsi
Etiketarik gabe, Izan zaitez lehena erregistro honi etiketa jartzen!

MARC

LEADER 00000cam a2200000 a 4500
001 UCC9974
003 CL-VaPUC
005 20211210074343.0
008 191129e20080000pl spa d
020 |a 9788360190548 
082 0 4 |a 262.9  |b CON  |2 21 
110 2 |a Consejo Asesor de Expertos sobre Libertad de Religión o Creencia de ODIHR  |e author  |9 605284 
245 1 0 |a Principios orientadores de Toledo sobre la enseñanza acerca de religiones y creencias en las escuelas públicas 
250 |a 1a. ed 
260 |a Varsovia  |b ODIHR  |c 2008 
300 |a 140 p 
583 |a last modification  |c 20191129 11:37:00  |k Rodrigo Vera 
650 0 0 |a Derecho eclesiástico  |9 255055 
650 0 0 |a Enseñanza de la religión  |9 432005 
650 0 7 |a ESCUELAS PUBLICAS  |2 CL-VaPUC  |9 312134 
650 0 7 |a LIBERTAD RELIGIOSA  |2 CL-VaPUC  |9 605285 
942 |c BK 
945 |a dcastane  |d 20191129 11:37:00 
999 |c 376245  |d 376243 
952 |0 0  |1 0  |3 erb  |4 0  |6 262_900000000000000_CON_2008  |7 0  |8 A  |9 495586  |a BIBDER  |b BIBDER  |e Precht Pizarro, Jorge Enrique  |i 5610885  |o 262.9 CON 2008  |p 5610885  |r 2023-01-25  |w 2020-01-06  |y BK  |z Catalogado en:20191129  |k DER